000 00722nam a2200217 u 4500
005 20220809101449.0
008 100701s2007 r 000 0 eng d
020 _a9789705802195
035 _aUPN01000177118
049 _aCG
050 4 _aN6923 B9
_bW5.5
100 1 _aWilkinson, Philip,
_d1955-
_932628
245 1 0 _aMiguel Angel :
_bel joven artista que soñó con la perfección /
_cPhilip Wilkinson ; tr. Luz María Méndez.
260 _aMéxico :
_bAltea,
_c2007.
300 _a64 p. :
_bil. col.
440 0 _aAltea biografías
534 _pTítulo original:
_tMichelangelo : the young artist who dreamed of perfection
600 0 0 _aMiguel Ángel,
_d1475-1564
_99489
905 _aLibro
999 _c149221
_d149221